000 00264nam a2200109Ia 4500
008 200302s9999 xx 000 0 und d
100 _aKevin Lynch & Gary Hack
245 _aSite Planning 3rd ed. (71)
260 _bThe Mit Press
260 _c1984
300 _a499 P.,
999 _c2795
_d2795